| 000 | 00670cab a2200181 4500 | ||
|---|---|---|---|
| 001 | ##L132549 | ||
| 008 | 060217n2006 000 0 eng u | ||
| 035 | _a(Sirsi) u132549 | ||
| 041 | 0 | _aeng | |
| 100 | 1 | _aRyland, Peter | |
| 245 | 0 | 0 | _aMind the gap! |
| 260 | _c2006 | ||
| 490 | 0 |
_aLetting Update Journal _v13(4) January 2006, 17-20(2) |
|
| 520 | _aDescribes cracks and foundation movements and explains some monitoring and remedial techniques that property managers might encounter. Covers strip, raft and pile foundations. Provides further information sources. Diagrams. | ||
| 590 | _aIKA280206 | ||
| 690 | _aBUILT ENVIRONMENT-BUILDING PATHOLOGY | ||
| 942 | _n0 | ||
| 999 |
_c76487 _d76487 |
||